Quality software project management / (Record no. 3250)

MARC details
000 -LEADER
fixed length control field 00736cam a22002172 4500
001 - CONTROL NUMBER
control field 0000008393
005 - DATE AND TIME OF LATEST TRANSACTION
control field 20151217145839.0
008 - FIXED-LENGTH DATA ELEMENTS--GENERAL INFORMATION
fixed length control field 080409s xx 000 0 eng d
020 ## - INTERNATIONAL STANDARD BOOK NUMBER
International Standard Book Number 8177587536 :
Terms of availability KES 5250
040 ## - CATALOGING SOURCE
Original cataloging agency KABU
Transcribing agency KABU
100 1# - MAIN ENTRY--PERSONAL NAME
Personal name Futrell. Robert T.
-- 0000158949
245 10 - TITLE STATEMENT
Title Quality software project management /
Statement of responsibility, etc. Robert T. Futrell, Donald F. Shafer, Linda I. Shafer.
260 ## - PUBLICATION, DISTRIBUTION, ETC. (IMPRINT)
Place of publication, distribution, etc. New Delhi :
Name of publisher, distributor, etc. Dorling Kindersley,
Date of publication, distribution, etc. 2002.
300 ## - PHYSICAL DESCRIPTION
Extent xxxvi, 1603 p.
650 #0 - SUBJECT ADDED ENTRY--TOPICAL TERM
Topical term or geographic name as entry element Computer software
General subdivision Development
-- Management.
-- 0000154567
700 1# - ADDED ENTRY--PERSONAL NAME
Personal name Shafer, Donald F.
-- 0000155655
700 1# - ADDED ENTRY--PERSONAL NAME
Personal name Shafer, Linda I.
-- 0000155656
908 ## - PUT COMMAND PARAMETER (RLIN)
Put command parameter 080409
950 ## - LOCAL HOLDINGS (RLIN)
-- 1
Holdings
Withdrawn status Lost status Source of classification or shelving scheme Not for loan Home library Current library Date acquired Total Checkouts Full call number Barcode Date last seen Price effective from Koha item type
    Library of Congress Classification   Kabarak, Main Campus Kabarak, Main Campus 17/12/2015   QA76.76 D47F88 2002 c. 1 003216 17/12/2015 17/12/2015 General Collection
Designed with assistance from East African Informatics Ltd